[Event "Tourn. n8592"]
[Site "www.chess-mail.com"]
[Date "2016.03.23"]
[Round "1"]
[White "Julian"]
[Black "Tonino1"]
[WhiteElo "2000"]
[BlackElo "2060"]
[Result "1/2-1/2"]
[Round "1"]
1.e4 c5
2.Ng1f3 d6
3.c3 Nb8c6
4.d4 cxd4
5.cxd4 Bc8g4
6.d5 Bg4xf3
7.Qd1xf3 Nc6e5
8.Qf3b3 Qd8c7
9.Bc1e3 Ng8f6
10.f3 g6
11.Nb1c3 a6
12.Bf1e2 Bf8g7
13.O-O O-O
14.Ra1c1 Qc7d8
15.Be3b6 Qd8d7
16.Nc3b1 Ra8c8
17.Nb1d2 Rc8xc1
18.Rf1xc1 Rf8c8
19.Rc1xc8 Qd7xc8
20.Nd2c4 Ne5xc4
21.Be2xc4 Nf6d7
22.Bb6f2 Nd7c5
23.Qb3c2 Nc5d7
24.b3 b5
25.Bc4d3 Qc8xc2
26.Bd3xc2 Bg7c3
27.Kf1 Nd7c5
28.Bf2xc5 dxc5
29.Ke2 Kg7
30.Kd3 Bc3d4
31.a3 Kf6
32.f4 g5
33.g3 g4
34.e5 Kg7
35.d6 exd6
36.exd6 Kf8
37.Ke4 h5
38.Kf5 Bd4g1
39.Kg5 Bg1xh2
40.Kxh5 Bh2xg3
41.Kxg4 Bg3h2
42.Bc2f5 c4
43.Bf5c8 cxb3
44.Bc8f5 a5
45.Kg5 Ke8
46.Bf5d3 Kd7
47.Bd3xb5 Kxd6
48.Bb5c4 b2
49.Bc4a2 f6
50.Kf5 Kc5
51.Kxf6 Bh2xf4
52.Kf5 Bf4h6
53.Ke4 Kb5
54.Kd3 Ka4
55.Kc2 Kxa3
56.Kb1 Bh6g7
57.Ba2c4 a4
{ draw }
1/2-1/2

[Event "Tourn. n8637"]
[Site "www.chess-mail.com"]
[Date "2016.03.23"]
[Round "1"]
[White "Crull"]
[Black "Gatrooper"]
[WhiteElo "1700"]
[BlackElo "1670"]
[Result "0-1"]
[Round "1"]
1.d4 d5
2.c4 dxc4
3.Ng1f3 e6
4.Nb1c3 a6
5.e4 h6
6.Bf1xc4 Nb8c6
7.O-O Ng8f6
8.Qd1a4 Bc8d7
9.Qa4b3 Bf8b4
10.e5 Bb4xc3
11.bxc3 b5
12.Bc4e2 Nf6e4
13.Bc1a3 b4
14.Ba3xb4 Nc6xb4
15.Qb3xb4 Ra8b8
16.Qb4a3 Qd8e7
17.Qa3c1 g5
18.Qc1e3 Bd7c6
19.c4 g4
 { time }
0-1

[Event "Tourn. n8665"]
[Site "www.chess-mail.com"]
[Date "2016.03.23"]
[Round "1"]
[White "Luban"]
[Black "Piekki"]
[WhiteElo "2050"]
[BlackElo "2000"]
[Result "0-1"]
[Round "1"]
1.d4 Ng8f6
2.c4 e6
3.e3 c5
4.Ng1f3 b6
5.Nb1c3 Bc8b7
6.Bf1e2 Bf8e7
7.O-O a6
8.d5 exd5
9.Nc3xd5 Nf6xd5
10.cxd5 d6
11.e4 Nb8d7
12.b3 Be7f6
13.Ra1b1 O-O
14.Bc1b2 Rf8e8
15.Qd1c2 Ra8c8
16.h3 b5
17.Rf1e1 Nd7b6
18.Bb2xf6 Qd8xf6
19.a3 c4
20.bxc4 Nb6xc4
21.Be2xc4 Rc8xc4
22.Qc2d3 Rc4c3
{ resign }
0-1

[Event "Match"]
[Site "www.echecsemail.com"]
[Date "2016.03.23"]
[Round "1"]
[White "Coraza"]
[Black "Darknight"]
[WhiteElo "1680"]
[BlackElo "1610"]
[Result "0-1"]
[Round "1"]
1.e4 e5
2.Bf1c4 Ng8f6
3.Nb1c3 c6
4.Ng1f3 d6
5.Nf3g5 Bc8e6
6.Bc4xe6 fxe6
7.Ng5xe6 Qd8d7
8.Ne6g5 h6
9.Ng5f3 b5
10.b4 Qd7g4
11.h3 Qg4xg2
12.Rh1h2 Qg2g6
13.Ke2 Nf6xe4
14.Nc3xe4 Qg6xe4
15.Kf1 Qe4xb4
16.c3 Qb4c4
17.Kg1 Qc4e6
18.d3 Nb8d7
19.Qd1e1 c5
20.Bc1e3 g5
21.a4 g4
22.Nf3h4 Bf8e7
23.Nh4g2 gxh3
24.Ng2f4 exf4
25.Be3xf4 Qe6g4
26.Bf4g3 Kd8
27.Qe1f1 Kc7
28.Rh2xh3 Nd7e5
29.Kh2 Ne5f3
30.Kh1 h5
31.Qf1g2 h4
32.Bg3xd6 Be7xd6
33.Qg2xg4 Nf3e5
34.Qg4g7 Ne5d7
35.axb5 Bd6e5
36.Qg7g4 Be5xc3
37.Ra1c1 Bc3d4
38.Qg4f4 Nd7e5
39.Rc1g1 Ra8f8
40.Qf4h2 Rf8xf2
41.Rg1g2 Rf2f1
42.Rg2g1 Rf1xg1
43.Qh2xg1 Bd4xg1
44.Kxg1 Kb6
45.d4 cxd4
46.Rh3b3 d3
47.Rb3b2 Ne5f3
48.Kf1 d2
49.Ke2 Rh8f8
50.Kd1 h3
51.Rb2b1 h2
52.Ke2 Nf3g1
{ resign }
0-1

[Event "Match"]
[Site "www.echecsemail.com"]
[Date "2016.03.23"]
[Round "1"]
[White "Calponas"]
[Black "Pinehill"]
[WhiteElo "2090"]
[BlackElo "2030"]
[Result "0-1"]
[Round "1"]
1.c4 Ng8f6
2.Nb1c3 e6
3.g3 Bf8e7
4.Bf1g2 c6
5.e4 d5
6.cxd5 exd5
7.exd5 cxd5
8.d4 O-O
9.Ng1e2 Nb8c6
10.O-O Bc8e6
11.Ne2f4 a6
12.Nf4xe6 fxe6
13.Rf1e1 Qd8d7
14.Bc1g5 h6
15.Bg5xf6 Be7xf6
16.Qd1d3 Nc6xd4
17.Ra1d1 Nd4f5
18.f4 Ra8c8
19.Bg2h3 Bf6xc3
20.bxc3 Kh8
21.g4 Nf5h4
22.f5 exf5
23.gxf5 Qd7c7
24.f6 Rf8xf6
25.Bh3xc8 Qc7xc8
26.Re1e5 Qc8c5
27.Qd3e3 Rf6g6
28.Kh1 Qc5c4
29.Re5e8 Kh7
30.Re8d8 Qc4xa2
31.Qe3d2 Rg6g1
{ resign }
0-1

[Event "Match"]
[Site "www.echecsemail.com"]
[Date "2016.03.23"]
[Round "1"]
[White "Coraza"]
[Black "Pariolinius"]
[WhiteElo "1680"]
[BlackElo "2020"]
[Result "1-0"]
[Round "1"]
1.e4 e6
2.d4 d5
3.e5 c5
4.Ng1f3 Nb8c6
5.Bc1g5 Qd8b6
6.b3 Ng8e7
7.a4 Bc8d7
8.Bf1b5 O-O-O
9.O-O h6
10.Bg5xe7 Bf8xe7
11.Nb1c3 a6
12.Bb5xc6 Bd7xc6
13.a5 Qb6a7
14.Nc3e2 Bc6b5
15.Rf1e1 f6
16.Nf3h4 Bb5e8
17.Nh4f3 f5
18.Qd1d2 Be8b5
19.Ne2f4 Be7g5
20.g3 Bg5xf4
21.Qd2xf4 g5
22.Qf4d2 g4
23.Nf3h4 Rd8g8
24.b4 cxd4
25.Nh4g2 h5
26.Ng2f4 Kd7
27.c3 dxc3
28.Qd2xc3 Rg8c8
29.Qc3d2 Rc8g8
30.Ra1c1 Qa7b8
31.Qd2d4 Bb5c4
32.Rc1xc4 Ke7
33.Qd4c5 { resign }
1-0

[Event "Match"]
[Site "www.echecsemail.com"]
[Date "2016.03.23"]
[Round "1"]
[White "Chapi"]
[Black "Coraza"]
[WhiteElo "2050"]
[BlackElo "1680"]
[Result "1-0"]
[Round "1"]
1.d4 d5
2.c4 dxc4
3.Nb1c3 Ng8f6
4.e4 Bc8g4
5.f3 Bg4e6
6.d5 Be6d7
7.e5 Nf6h5
8.g4 e6
9.Bc1e3 Qd8h4
10.Be3f2 Qh4g5
11.gxh5 Qg5xe5
12.Qd1e2 Qe5xe2
13.Ng1xe2 exd5
14.Nc3xd5 Bf8d6
15.Bf2g3 O-O
16.Bg3xd6 cxd6
17.Nd5c7 Nb8c6
18.Nc7xa8 Rf8xa8
19.Ra1d1 Nc6e5
20.Ne2c3 Ra8e8
21.Bf1e2 Re8e6
22.Kf1 h6
23.f4 Bd7c6
24.Rh1g1 Ne5d7
25.Be2xc4 Re6f6
26.Rd1d4 a6
27.Rg1g6 d5
28.Rg6xf6 Nd7xf6
29.Nc3xd5 Bc6xd5
30.Bc4xd5 Nf6xh5
31.Bd5xb7 a5
32.Bb7e4 g6
33.Be4f3 Nh5f6
34.Rd4a4 h5
35.Ra4xa5 Nf6d7
36.b4 Nd7b6
37.b5 f5
38.Ra5a6 Nb6c4
39.b6 Nc4d6
40.b7 Nd6xb7
41.Bf3xb7 Kg7
42.Ra6c6 { resign }
1-0

[Event "Match"]
[Site "www.echecsemail.com"]
[Date "2016.03.23"]
[Round "1"]
[White "Geodad5"]
[Black "Elogic"]
[WhiteElo "2130"]
[BlackElo "2089"]
[Result "1-0"]
[Round "1"]
1.e4 d5
2.exd5 Ng8f6
3.d4 Nf6xd5
4.c4 Nd5f6
5.Ng1f3 Bc8f5
6.Nb1c3 e6
7.Bf1e2 Bf8b4
8.O-O Nb8c6
9.a3 Bb4xc3
10.bxc3 Nc6e7
11.Nf3e5 O-O
12.Bc1b2 g6
13.f3 Ne7c6
14.Ne5xc6 bxc6
15.g4 Nf6xg4
16.fxg4 Bf5e4
17.Rf1f4 f5
18.Qd1f1 Qd8g5
19.Bb2c1 Qg5f6
20.Be2d3 Be4xd3
21.Qf1xd3 Qf6h4
22.gxf5 Qh4g5
23.Kh1 Rf8xf5
24.Rf4xf5 Qg5xf5
25.Qd3xf5 gxf5
26.Ra1b1 Ra8c8
27.Bc1f4 Kg7
28.Rb1b7 c5
29.Rb7xc7 Rc8xc7
30.Bf4xc7 cxd4
31.cxd4 Kf6
32.Bc7f4 h5
33.Kg2 Ke7
34.Kh3 Kd7
35.Kh4 a6
36.Kxh5 { resign }
1-0

[Event "1/128 Finale"]
[Site "www.chess-mail.com"]
[Date "2016.03.23"]
[Round "1"]
[White "Bevittsmith"]
[Black "Madz123456"]
[WhiteElo "2290"]
[BlackElo "2280"]
[Result "1-0"]
[Round "1"]
1.e4 e5
2.Ng1f3 Nb8c6
3.Bf1b5 Ng8f6
4.O-O Nf6xe4
5.d4 Ne4d6
6.Bb5xc6 dxc6
7.dxe5 Nd6f5
8.Qd1xd8 Kxd8
9.h3 h6
10.Nb1c3 Nf5e7
11.b3 Bc8f5
12.Rf1d1 Kc8
13.Rd1d2 b6
14.Bc1b2 Kb7
15.Ra1e1 Ra8e8
16.Nf3d4 Bf5c8
17.Nc3e4 Ne7g6
18.Nd4f3  { time }
1-0

[Event "Eq:chibcha-Slap Shot Mates : "]
[Site "www.chess-mail.com"]
[Date "2016.03.23"]
[Round "1"]
[White "Sebolix"]
[Black "Karlgrocer"]
[WhiteElo "2680"]
[BlackElo "1980"]
[Result "0-1"]
[Round "1"]
1.e4 d6
2.d4 e6
3.c4 Ng8f6
4.Nb1c3 Bf8e7
5.Bf1d3 O-O
6.Ng1e2 Nf6d7
7.O-O c5
8.d5 e5
9.Ra1b1 a6
10.a3 Rf8e8
11.b4 cxb4
12.axb4 b6
13.Bc1e3 Be7g5
14.Qd1d2 Bg5xe3
15.Qd2xe3 Nd7f8
16.c5 dxc5
17.bxc5 bxc5
18.Qe3xc5 Nb8d7
19.Qc5c6 Ra8b8
20.Bd3xa6 Bc8xa6
21.Qc6xa6 Nd7c5
22.Qa6c6 Rb8c8
23.Qc6b6 Qd8xb6
24.Rb1xb6 Nf8g6
25.g3 Re8d8
26.Rf1d1 Nc5d7
27.Rb6c6 Kf8
28.Rc6xc8 Rd8xc8
29.Kg2 f6
30.Rd1a1 Ke7
31.Ra1a7 Ng6f8
32.Nc3a4 Rc8c4
33.Kf3 g5
34.h3 h5
35.Na4b6 Rc4b4
36.Nb6c8 Kd8
37.Nc8d6 Rb4b6
38.Nd6f5 g4
39.hxg4 hxg4
40.Kxg4 Rb6b2
41.Kf3 Rb2b3
42.Kg2 Ke8
43.Ra7a2 Nd7c5
44.f3 Nf8d7
45.Nf5h4 Kf7
46.Kh3 Rb3e3
47.Kg4 Nd7f8
48.Ne2g1 Nc5d7
49.Ra2a7 Re3e1
50.Ng1h3 Re1b1
51.Nh3f2 Rb1b3
52.Kf5 Rb3b8
53.Nf2g4 Rb8b6
54.Ng4e3 Kg8
 { time }
0-1

[Event "Tourn. n8650"]
[Site "www.chess-mail.com"]
[Date "2016.03.24"]
[Round "1"]
[White "Bojan"]
[Black "Avg"]
[WhiteElo "2010"]
[BlackElo "2050"]
[Result "0-1"]
[Round "1"]
1.c4 f5
2.d4 Ng8f6
3.e3 g6
4.Bf1d3 Bf8g7
5.Nb1c3 d6
6.Bc1d2 O-O
7.Ng1f3 b6
8.Qd1b3 c5
9.d5 e5
10.e4 Nf6xe4
11.Bd3xe4 fxe4
12.Nc3xe4 Bc8g4
13.Nf3g5 Qd8d7
14.h3 Bg4f5
15.Ne4g3 Bg7f6
16.Qb3e3 Nb8a6
17.a3 Ra8c8
18.Ng3e4 Bf5xe4
19.Ng5xe4 Na6c7
20.Ne4xf6 Rf8xf6
21.Qe3g3 Rc8f8
22.O-O a6
23.Bd2h6 Rf8b8
24.f4 Rf6xf4
25.Rf1xf4 exf4
26.Qg3xf4 b5
27.Qf4f8 Rb8xf8
{ resign }
0-1

[Event "Tourn. n8659"]
[Site "www.chess-mail.com"]
[Date "2016.03.24"]
[Round "1"]
[White "Osopanda"]
[Black "Piekki"]
[WhiteElo "2060"]
[BlackElo "1980"]
[Result "0-1"]
[Round "1"]
1.d4 Ng8f6
2.c4 e6
3.Nb1c3 Bf8b4
4.f3 d5
5.a3 Bb4e7
6.cxd5 exd5
7.e3 O-O
8.Bf1d3 c5
9.Ng1e2 Nb8c6
10.O-O Rf8e8
11.e4 cxd4
12.Nc3b5 dxe4
13.fxe4 a6
14.Nb5xd4 Nc6xd4
15.Ne2xd4 Qd8xd4
16.Kh1 Bc8g4
17.Qd1b3 Bg4e6
18.Qb3xb7 Qd4xd3
19.Bc1g5 Ra8b8
20.Qb7c7 Qd3xe4
21.Ra1e1 Qe4b7
22.Qc7xb7 Rb8xb7
23.b4 Nf6d5
24.Bg5xe7 Rb7xe7
25.Re1e4 Be6d7
26.Re4xe7 Re8xe7
{ resign }
0-1

[Event "Tourn. n8617"]
[Site "www.chess-mail.com"]
[Date "2016.03.24"]
[Round "1"]
[White "Asoka"]
[Black "Starwind"]
[WhiteElo "2730"]
[BlackElo "2360"]
[Result "1/2-1/2"]
[Round "1"]
1.e4 e6
2.d4 d5
3.exd5 exd5
4.Nb1c3 Ng8f6
5.Ng1f3 Nb8c6
6.Bf1b5 Bf8b4
7.Bb5xc6 bxc6
8.O-O O-O
9.Nf3e5 c5
10.dxc5 Bb4xc5
11.Bc1g5 Bc8e6
12.Qd1d3 Rf8e8
13.Ra1e1 Qd8d6
14.Bg5xf6 gxf6
15.Ne5f3 a5
16.Nf3d4 Ra8b8
17.Re1e3 Rb8xb2
18.Nd4f5 Qd6d7
19.Nc3xd5 Kf8
20.Nd5xf6 Qd7xd3
21.Nf6xh7 Kg8
22.Nh7f6 Kf8
23.Re3xd3 Be6xf5
24.Rd3d5 Bc5xf2
25.Kxf2 Bf5xc2
26.Kg1 Re8e2
27.Rd5d8 Kg7
28.Nf6h5 Kh6
{ draw }
1/2-1/2

[Event "Tourn. n8649"]
[Site "www.chess-mail.com"]
[Date "2016.03.24"]
[Round "1"]
[White "Julian"]
[Black "Bojan"]
[WhiteElo "2100"]
[BlackElo "2010"]
[Result "1/2-1/2"]
[Round "1"]
1.e4 e5
2.Ng1f3 Nb8c6
3.Bf1c4 Ng8f6
4.Qd1e2 h6
5.c3 d6
6.d4 exd4
7.cxd4 Bc8g4
8.Bc1e3 Bf8e7
9.Nb1c3 a6
10.O-O-O b5
11.Bc4d3 Nc6b4
12.Bd3b1 d5
13.e5 Nf6h7
14.h3 Bg4e6
15.g4 h5
16.Bb1xh7 Rh8xh7
17.gxh5 Rh7xh5
18.Rh1g1 g6
19.h4 Be7xh4
20.a3 Nb4c6
21.Rg1h1 Be6g4
22.Rd1g1 Qd8d7
23.Rg1xg4 Qd7xg4
24.Nc3xd5 Kf8
25.Rh1g1 Qg4e6
26.Nd5xc7 Qe6c8
27.Kb1 Qc8xc7
28.Nf3xh4 Rh5xh4
29.Qe2f3 Ra8c8
30.Rg1xg6 Qc7e7
31.Be3g5 Qe7d7
32.Bg5xh4 Nc6xd4
33.Qf3f6 Qd7f5
34.Qf6xf5 Nd4xf5
35.Rg6g4 Nf5xh4
{ draw }
1/2-1/2

[Event "Tourn. n8614"]
[Site "www.chess-mail.com"]
[Date "2016.03.24"]
[Round "1"]
[White "Elogic"]
[Black "Roque1"]
[WhiteElo "1850"]
[BlackElo "1910"]
[Result "0-1"]
[Round "1"]
1.d4 d5
2.Nb1c3 e6
3.Bc1f4 Ng8f6
4.e4 dxe4
5.Nc3b5 Bf8d6
6.Bf4xd6 cxd6
7.c3 Qd8b6
8.a4 a6
9.a5 Qb6c6
10.Nb5a3 O-O
11.Na3c4 Nb8d7
12.Bf1e2 d5
13.Nc4e5 Nd7xe5
14.dxe5 Nf6d7
15.f3 Nd7xe5
16.fxe4 dxe4
17.Qd1b3 e3
18.Ng1f3 Ne5g4
19.O-O e5
20.Nf3g5 Qc6h6
21.h3 Qh6xg5
22.hxg4 Bc8xg4
23.Be2c4 e2
24.Bc4xf7 Kh8
25.Rf1f2 Ra8d8
26.Bf7d5 Rf8xf2
27.Kxf2 Rd8f8
28.Kg1 Qg5e3
{ resign }
0-1

[Event "Tourn. n8582"]
[Site "www.chess-mail.com"]
[Date "2016.03.24"]
[Round "1"]
[White "Numanoid"]
[Black "Yangqi"]
[WhiteElo "2470"]
[BlackElo "2650"]
[Result "1/2-1/2"]
[Round "1"]
1.e4 e5
2.Nb1c3 Ng8f6
3.Bf1c4 Nf6xe4
4.Qd1h5 Ne4d6
5.Qh5xe5 Qd8e7
6.Qe5xe7 Bf8xe7
7.Bc4b3 Nd6f5
8.Ng1f3 c6
9.O-O d5
10.Rf1e1 O-O
11.Nc3e2 Rf8e8
12.c3 Nf5h4
13.Nf3xh4 Be7xh4
14.Bb3c2 Bc8g4
15.Kf1 Nb8d7
16.d4 Nd7b6
17.Bc1f4 g6
18.h3 Bg4e6
19.a4 Bh4e7
20.b3 Nb6d7
21.Bf4g3 Be7f6
22.Ra1d1 Kg7
23.a5 Nd7f8
24.b4 Be6d7
25.Ne2f4 Bf6g5
26.h4 Bg5h6
27.f3 f6
28.Kf2 Kf7
29.h5 Bd7f5
30.hxg6 hxg6
31.Bc2xf5 gxf5
32.Re1h1 Bh6xf4
33.Bg3xf4 Nf8e6
34.Rh1h7 Kg6
35.Rh7h6 Kg7
{ draw }
1/2-1/2

[Event "Tourn. n8678"]
[Site "www.chess-mail.com"]
[Date "2016.03.24"]
[Round "1"]
[White "Roserl"]
[Black "Attatroll"]
[WhiteElo "1920"]
[BlackElo "1940"]
[Result "1-0"]
[Round "1"]
1.e4 c5
2.Ng1f3 a6
3.d4 cxd4
4.Nf3xd4 e6
5.Nb1c3 Ng8f6
6.Bc1g5 Bf8e7
7.f4 O-O
8.Qd1f3 Nb8c6
9.O-O-O b5
10.a3 Qd8c7
11.g4 Bc8b7
12.Bf1g2 Ra8c8
13.e5 Nc6xd4
14.Qf3xb7 Nf6d5
15.Bg2xd5 exd5
16.Qb7xc7 Rc8xc7
17.Bg5xe7 Rf8e8
18.Be7d6 Rc7c6
19.Rd1xd4 { resign }
1-0

[Event "Tourn. n8634"]
[Site "www.chess-mail.com"]
[Date "2016.03.24"]
[Round "1"]
[White "Faerieking"]
[Black "Tonino1"]
[WhiteElo "2160"]
[BlackElo "2100"]
[Result "1-0"]
[Round "1"]
1.d4 Ng8f6
2.c4 g6
3.g3 Bf8g7
4.Ng1f3 O-O
5.Bf1g2 c6
6.Nb1c3 d5
7.O-O e6
8.Qd1c2 Nb8d7
9.Rf1e1 Rf8e8
10.Bc1g5 Qd8a5
11.a3 h6
12.b4 Qa5d8
13.Bg5c1 b6
14.Bc1b2 Bc8b7
15.Ra1d1 Nd7f8
16.Nf3e5 Nf6d7
17.f4 f6
18.Ne5xg6 Nf8xg6
19.Qc2xg6 dxc4
20.e4 Qd8e7
21.e5 f5
22.b5 Ra8c8
23.bxc6 Bb7xc6
24.Bg2xc6 Rc8xc6
25.Nc3b5 Nd7f8
26.Qg6h5 a6
27.d5 exd5
28.Nb5d6 c3
29.Nd6xe8 cxb2
30.Ne8xg7 Qe7c5
31.Kh1 Qc5c1
32.e6 b1Q
33.Qh5f7 Kh8
34.Qf7xf8 Kh7
35.Rd1xc1 Rc6xc1
36.Re1xc1 Qb1xc1
37.Kg2 Qc1c2
38.Kh3 Qc2d1
39.Ng7xf5 Qd1h5
40.Nf5h4  { time }
1-0

[Event "Match"]
[Site "www.echecsemail.com"]
[Date "2016.03.24"]
[Round "1"]
[White "Irene"]
[Black "Raulazo"]
[WhiteElo "2070"]
[BlackElo "1820"]
[Result "0-1"]
[Round "1"]
1.d4 d5
2.Ng1f3 Ng8f6
3.Nb1c3 Bc8g4
4.h3 Bg4xf3
5.exf3 g6
6.Bf1d3 Nb8c6
7.O-O Bf8g7
8.Rf1e1 O-O
9.b3 Nc6xd4
10.Bc1a3 Rf8e8
11.Bd3xg6 e5
12.Bg6d3 a6
13.Nc3e2 a5
14.Ne2xd4 exd4
15.Bd3e2 b6
16.Ba3b2 c5
17.Be2b5 Re8e7
18.Re1xe7 Qd8xe7
19.Qd1e1 Qe7d6
20.Qe1e2 Nf6h5
21.Bb5d3 Nh5f4
22.Qe2d2 Qd6e5
23.Ra1e1 Qe5g5
24.Qd2xf4 Qg5xf4
25.Bb2c1 Qf4h4
26.Bd3b5 h6
27.Bb5c6 Ra8d8
28.Re1e5 Bg7xe5
{ resign }
0-1

[Event "Match"]
[Site "www.echecsemail.com"]
[Date "2016.03.24"]
[Round "1"]
[White "Add"]
[Black "Delacey"]
[WhiteElo "2040"]
[BlackElo "1970"]
[Result "1-0"]
[Round "1"]
1.e4 e5
2.Ng1f3 Nb8c6
3.d4 exd4
4.Nf3xd4 Nc6xd4
5.Qd1xd4 c5
6.Qd4e5 Qd8e7
7.Qe5xe7 Bf8xe7
8.Nb1c3 Be7d8
9.Bf1c4 Ng8f6
10.O-O O-O
11.Rf1e1 d6
12.Bc1f4 Bd8c7
13.Nc3b5 Bc7a5
14.c3 d5
15.exd5 Bc8d7
16.a4 Bd7xb5
17.axb5 Ba5b6
18.Bf4d6 Rf8e8
19.h3 Re8xe1
20.Ra1xe1 Ra8e8
21.Re1xe8 Nf6xe8
22.Bd6e7 Ne8f6
23.d6 Nf6d7
24.f4 h6
25.Kf2 g6
26.Kf3 Kg7
27.g4 f6
28.Bc4e6 Nd7f8
29.f5 g5
30.d7 Nf8xe6
31.fxe6 a6
32.d8Q Bb6xd8
33.Be7xd8 axb5
34.e7 Kf7
35.Ke4 b6
36.Kd5 b4
37.cxb4 cxb4
38.Kc6 b3
39.Kd7 { resign }
1-0

[Event "Match"]
[Site "www.echecsemail.com"]
[Date "2016.03.24"]
[Round "1"]
[White "Nugun"]
[Black "Elogic"]
[WhiteElo "1740"]
[BlackElo "1860"]
[Result "1-0"]
[Round "1"]
1.c4 c5
2.Nb1c3 Nb8c6
3.g3 e5
4.Bf1g2 Qd8c7
5.Ng1f3 f6
6.O-O d6
7.a3 f5
8.e3 Bc8e6
9.b3 Nc6a5
10.Nf3g5 Qc7d7
11.d4 exd4
12.exd4 O-O-O
13.b4 Na5xc4
14.Bc1f4 h6
15.Ng5f3 g5
16.Bf4e3 Nc4xe3
17.fxe3 g4
18.Nf3d2 Bf8g7
19.Ra1b1 cxd4
20.exd4 Bg7xd4
21.Kh1 Bd4xc3
22.Rb1c1 Kb8
23.Rc1xc3 Ng8f6
24.Qd1c2 h5
25.Rf1c1 h4
26.Rc3c7 Rd8c8
27.Rc7xd7 Rc8xc2
28.Rd7xb7 Kc8
29.Rc1xc2 { resign }
1-0

[Event "Match"]
[Site "www.echecsemail.com"]
[Date "2016.03.24"]
[Round "1"]
[White "Ztornad"]
[Black "Ericleo1980"]
[WhiteElo "1760"]
[BlackElo "2290"]
[Result "0-1"]
[Round "1"]
1.e4 c5
2.c4 d6
3.Nb1c3 Ng8f6
4.h3 e6
5.Ng1f3 Bf8e7
6.d4 cxd4
7.Nc3e2 Nf6xe4
8.Qd1xd4 Ne4f6
9.Ne2c3 a6
10.Bf1d3 Nb8c6
11.Qd4e3 O-O
12.O-O Qd8a5
13.Bc1d2 Qa5h5
14.Bd3e2 Bc8d7
15.Nf3g5 Qh5h4
16.Ng5f3 Qh4h5
17.Nf3g5 Qh5h6
18.Qe3g3 Nf6h5
19.Qg3g4 Nh5f6
20.Qg4g3 Nf6h5
21.Qg3e3 Qh6g6
22.Be2d3 Qg6xg5
23.Qe3xg5 Be7xg5
24.Bd2xg5 h6
25.Bg5e7 Nc6xe7
26.Nc3e2 Ne7c6
27.Ra1d1 Nc6e5
28.Bd3e4 Bd7c6
29.Be4xc6 Ne5xc6
30.a3 Ra8d8
31.b4 d5
32.c5 d4
33.g4 Nh5f6
34.Ne2f4 e5
35.Nf4d3 e4
36.Nd3f4 g5
37.Nf4e2 Rf8e8
38.Ne2c1 Nf6d5
39.Nc1b3 Nd5f4
40.Kh2 d3
41.Rd1d2 Nc6d4
42.Nb3xd4 Rd8xd4
43.Rf1e1 Rd4c4
44.Rd2a2 Re8d8
45.Re1d1 Kf8
46.Ra2b2 Ke7
47.Kg3 Rc4c2
48.Rb2b3 d2
49.Rb3b1 Rc2c1
50.Rb1a1 Rc1xa1
51.Rd1xa1 d1Q
52.Ra1xd1 Rd8xd1
53.f3 e3
54.a4 Rd1g1
55.Kh2 Rg1g2
56.Kh1 e2
 { time }
0-1

[Event "Match"]
[Site "www.echecsemail.com"]
[Date "2016.03.24"]
[Round "1"]
[White "Guidom"]
[Black "Snickers"]
[WhiteElo "2030"]
[BlackElo "1809"]
[Result "1/2-1/2"]
[Round "1"]
1.e4 e5
2.Ng1f3 Nb8c6
3.Bf1b5 a6
4.Bb5xc6 dxc6
5.O-O Bc8g4
6.h3 h5
7.d3 Qd8f6
8.Kh2 Bg4xf3
9.Qd1xf3 Qf6xf3
10.gxf3 Bf8d6
11.Nb1d2 Ng8e7
12.Nd2c4 O-O-O
13.Nc4xd6 cxd6
14.f4 exf4
15.Bc1xf4 d5
16.exd5 Ne7xd5
17.Bf4e3 Rd8e8
{ draw }
1/2-1/2

[Event "Match"]
[Site "www.echecsemail.com"]
[Date "2016.03.24"]
[Round "1"]
[White "Elogic"]
[Black "Guidom"]
[WhiteElo "1880"]
[BlackElo "2030"]
[Result "0-1"]
[Round "1"]
1.d4 d5
2.g3 c6
3.Nb1c3 Ng8f6
4.Bf1g2 Bc8f5
5.Bc1f4 e6
6.Bf4xb8 Ra8xb8
7.f3 Bf8b4
8.Qd1d2 Qd8e7
9.a3 Bb4a5
10.b4 Ba5c7
11.g4 Bf5g6
12.h4 h5
13.g5 Nf6d7
14.O-O-O e5
15.e4 dxe4
16.fxe4 Nd7b6
17.Bg2f1 Rb8d8
18.Ng1f3 O-O
19.Qd2e2 Qe7e6
20.dxe5 Bc7xe5
21.Nf3xe5 Qe6xe5
22.Rd1xd8 Rf8xd8
23.Bf1g2 Qe5xc3
{ resign }
0-1

[Event "Match"]
[Site "www.echecsemail.com"]
[Date "2016.03.24"]
[Round "1"]
[White "Ikke"]
[Black "Yakke"]
[WhiteElo "1000"]
[BlackElo "1740"]
[Result "0-1"]
[Round "1"]
1.f3 e5
2.g3 d5
3.a3 Ng8f6
4.d3 Nb8c6
5.g4 Nf6d7
6.g5 g6
7.Nb1c3 Bf8h6
8.h4 Bh6g7
9.b4 Nd7f8
10.h5 e4
11.f4 Bg7xc3
12.Bc1d2 Bc3xa1
13.Qd1xa1 Nc6d4
14.Kd1 Bc8e6
15.Qa1xd4 f6
16.Qd4b2 Qd8d7
17.Bd2c3 d4
18.Bc3d2 f5
19.h6 O-O-O
20.Ng1h3 e3
21.Bd2e1 Qd7d5
22.Rh1g1 b6
23.Bf1g2 Qd5a2
24.Qb2c1 Nf8d7
25.a4 Qa2xa4
26.Rg1f1 Nd7b8
27.b5 Nb8d7
28.Nh3g1 Qa4xb5
29.Ng1f3 Be6d5
30.Qc1a1 Qb5c6
31.Bg2h3 Rh8e8
32.Nf3xd4 Qc6b7
33.Nd4b5 Kb8
34.Qa1g7 Qb7a6
35.Qg7b2 Nd7c5
36.Be1b4 Qa6xb5
37.Qb2d4 Bd5g2
38.Bh3xg2 Rd8xd4
39.Bb4c3 Qb5b1

0-1

[Event "Match"]
[Site "www.echecsemail.com"]
[Date "2016.03.24"]
[Round "1"]
[White "Darknight"]
[Black "Umutkrc"]
[WhiteElo "1670"]
[BlackElo "1699"]
[Result "0-1"]
[Round "1"]
1.e4 e6
2.Bf1c4 Bf8c5
3.d4 Bc5b4
4.c3 Bb4f8
5.e5 d6
6.Ng1f3 d5
7.Bc4b3 h6
8.Bc1e3 Ng8e7
9.h3 Ne7f5
10.g4 Nf5xe3
11.fxe3 c5
12.c4 cxd4
13.exd4 Bf8b4
14.Nb1c3 Qd8a5
15.Qd1c2 Bb4xc3
16.bxc3 Bc8d7
17.a4 Bd7c6
18.Kd2 dxc4
19.Rh1f1 cxb3
20.Qc2xb3 Bc6xf3
21.Rf1xf3 Qa5d5
22.Qb3xd5 exd5
23.Ra1f1 O-O
24.h4 Nb8c6
25.h5 f6
26.e6 Nc6e7
27.Kd3 Ra8c8
28.Rf1b1 b6
29.Rf3g3 Rc8c6
30.Rg3e3 Rf8c8
31.Rb1b3 Rc8e8
32.Rb3b2 Rc6c4
33.Rb2a2 Ne7c8
34.a5 b5
35.Ra2b2 a6
36.e7 Re8xe7
37.Re3xe7 Nc8xe7
38.Rb2e2 Kf7
39.Re2a2 f5
40.Ra2f2 Kf6
41.Rf2f1 Kg5
42.gxf5 Ne7xf5
43.Rf1e1 Rc4c6
44.Re1e8 Rc6d6
45.Re8b8 Kxh5
46.Kc2 Nf5e3
47.Kb3 g5
48.Rb8b6 Rd6g6
49.Rb6b8 g4
50.Rb8e8 Ne3c4
51.Kb4 g3
52.Re8e1 g2
53.Re1g1 Nc4e3
54.Kc5 Rg6g5
55.Kb6 b4
56.cxb4 Ne3c2
57.Kxa6 Nc2xd4
58.b5 Rg5g6
59.b6 Nd4f3
60.Rg1xg2 Rg6xg2
61.b7 Rg2g6
62.Ka7 Rg6g7
63.Ka8 Rg7xb7
64.Kxb7 d4
65.a6 d3
66.a7 d2
67.a8Q d1Q
68.Qa8e8 Kg5
69.Qe8e7 Kg6
70.Qe7e4 Kh5
71.Qe4f5 Nf3g5
72.Qf5c5 Qd1f3
73.Kb6 Kg6
74.Ka7 h5
75.Qc5d6 Qf3f6
76.Qd6d3 Kh6
77.Qd3g3 Qf6f7
78.Ka8 Qf7f3
79.Qg3xf3 Ng5xf3
{ resign }
0-1

[Event "Match"]
[Site "www.echecsemail.com"]
[Date "2016.03.24"]
[Round "1"]
[White "Gene80"]
[Black "Caspito"]
[WhiteElo "1499"]
[BlackElo "1720"]
[Result "1-0"]
[Round "1"]
1.e4 e5
2.Ng1f3 Nb8c6
3.Bf1b5 Nc6d4
4.Nf3xd4 exd4
5.O-O a6
6.Bb5c4 Qd8f6
7.d3 Bf8c5
8.c3 Ng8h6
9.cxd4 Bc5xd4
10.Nb1c3 d6
11.Nc3d5 Qf6d8
12.Bc1xh6 O-O
13.Bh6e3 Bd4xb2
14.Ra1b1 Bb2a3
15.h3 Ba3c5
16.Be3xc5 dxc5
17.f4 b5
18.Bc4b3 Ra8a7
19.Qd1c2 Qd8d6
20.Rb1c1 Bc8e6
21.e5 Qd6d7
22.Qc2xc5 c6
23.Qc5xc6 Qd7xc6
24.Rc1xc6 Kh8
25.Rf1c1 h6
26.Nd5c7 Be6xb3
27.axb3 Rf8d8
28.f5 Rd8xd3
29.e6 fxe6
30.fxe6 Rd3e3
31.Kf2 { resign }
1-0

[Event "Match"]
[Site "www.echecsemail.com"]
[Date "2016.03.24"]
[Round "1"]
[White "Trucker44"]
[Black "Shlomo"]
[WhiteElo "1420"]
[BlackElo "1359"]
[Result "0-1"]
[Round "1"]
1.d4 d5
2.f3 e6
3.e4 dxe4
4.fxe4 Qd8h4
5.Ke2 Qh4xe4
6.Bc1e3 Bf8d6
7.Nb1c3 Qe4g6
8.h4 h5
9.a3 e5
10.Nc3b5 e4
11.c4 Bc8g4
12.Ng1f3 exf3
13.gxf3 Qg6e6
14.fxg4 Bd6f4
15.Rh1h3 hxg4
16.Kd3 Qe6f5
17.Kd2 gxh3
18.Bf1d3 Bf4xe3
19.Kxe3 Qf5d7
20.Bd3e4 Qd7e7
21.h5 f5
22.b3 fxe4
23.a4 Ng8f6
{ resign }
0-1

[Event "1/128 Finale"]
[Site "www.chess-mail.com"]
[Date "2016.03.24"]
[Round "1"]
[White "Plymouth"]
[Black "Emmanuel69"]
[WhiteElo "999"]
[BlackElo "1870"]
[Result "1/2-1/2"]
[Round "1"]
1.d4 d5
2.Ng1f3 Ng8f6
3.Bc1f4 Nb8c6
4.e3 e6
5.Bf1b5 Bc8d7
6.O-O Bf8e7
7.Nb1c3 a6
8.Bb5xc6 Bd7xc6
9.Nf3e5 O-O
10.Ne5xc6 bxc6
11.Bf4e5 Nf6d7
12.Be5g3 Rf8e8
13.Ra1b1 Be7d6
14.Bg3xd6 cxd6
15.Qd1d3 Nd7f6
16.e4 dxe4
17.Nc3xe4 Nf6xe4
18.Qd3xe4 d5
19.Qe4e3 Qd8a5
20.a3 Ra8b8
21.g3 Rb8b5
22.c3 Re8b8
23.Qe3d2 Qa5b6
24.b4 Qb6d8
25.Qd2d3 Qd8c8
26.a4 Rb5b6
27.Rf1e1 Qc8b7
28.a5 { draw }
1/2-1/2

[Event "Fast Game"]
[Site "www.echecsemail.com"]
[Date "2016.03.24"]
[Round "1"]
[White "Difficult"]
[Black "Libiesse"]
[WhiteElo "1600"]
[BlackElo "1660"]
[Result "1/2-1/2"]
[Round "1"]
1.e4 c5
2.Ng1f3 e6
3.d4 cxd4
4.Nf3xd4 Ng8f6
5.Nb1c3 Nb8c6
6.Bf1e2 d6
7.Bc1e3 a6
8.O-O Bf8e7
9.Qd1d2 Qd8c7
10.h3 O-O
11.Nd4xc6 bxc6
12.f4 d5
13.e5 Nf6d7
14.Be2f3 Bc8b7
15.Nc3e2 c5
16.c3 Nd7b6
17.Ne2g3 Nb6c4
18.Qd2e2 Nc4xe3
19.Qe2xe3 c4
20.Kh2 Be7c5
21.Qe3e2 Rf8d8
22.Ra1d1 Ra8b8
23.Rd1d2 g6
24.Rf1d1 a5
25.Bf3g4 a4
26.h4 Qc7e7
27.Kh3 Rd8d7
28.h5 g5
29.f5 Rb8f8
30.f6 Qe7d8
31.Kh2 h6
32.Bg4f3 { draw }
1/2-1/2

[Event "Fast Game"]
[Site "www.echecsemail.com"]
[Date "2016.03.24"]
[Round "1"]
[White "Cal"]
[Black "Picalojack"]
[WhiteElo "1550"]
[BlackElo "1599"]
[Result "1-0"]
[Round "1"]
1.Nb1c3 d5
2.d4 Ng8f6
3.h3 Nb8c6
4.a3 a5
5.b3 e5
6.dxe5 Nc6xe5
7.Bc1g5 h6
8.Bg5h4 g5
9.Bh4g3 Bf8d6
10.e3 Nf6e4
11.Nc3xd5 Bc8e6
12.c4 c6
13.Qd1d4 Bd6b4
14.axb4 cxd5
15.Qd4xe5 Ke7
16.Ng1f3 dxc4
17.Nf3d4 c3
18.Nd4f5 Kf8
19.Qe5xh8  { time }
1-0